Joueurs passés par le RC Lens - Mort subite - Statistiques

Statistiques générales
  • Ce quiz a été pris 790 fois
  • Le résultat moyen est 7 sur 15
Answers on the Grid
Answers color-coded by a green-red scale on the quiz's grid according to % correct below.
Serge Aurier
Franck Ribéry
Nicolas Douchez
Alphonse Aréola
Jean-Pierre Papin
John Boye
Didier Six
Raymond Kopa
Raphaël Varane
Daniel Cousin
Clément Michelin
Jérémy Toulalan
Zoumana Camara
Pierre-Alain Frau
Andy Delort
Thorgan Hazard
Geoffrey Kondogbia
Lorik Cana
Nolan Roux
Mathieu Bodmer
Amadou Onana
Robert Malm
Grégory Sertic
Loïc Rémy
Jordan Marié
Maxime Lestienne
Vincent Aboubakar
 
Statistiques - réponses
Réponse % Correct
Serge Aurier
80%
Raphaël Varane
75%
Alphonse Aréola
72%
Nicolas Douchez
56%
Thorgan Hazard
54%
Geoffrey Kondogbia
51%
Clément Michelin
45%
Loïc Rémy
45%
Daniel Cousin
43%
Didier Six
41%
Nolan Roux
38%
Pierre-Alain Frau
28%
Zoumana Camara
25%
Grégory Sertic
24%
Robert Malm
19%
Aucun quiz correspondant
Distribution des résultats
% des personnes avec chaque résultat
Percentile par nombre de réponses
Votre historique - résultats
Vous n’avez pas pris ce quiz